000 01028nam a2200241 i 4500
001 190035
003 ES-MaACL
005 20251123063311.0
007 t|
008 200309s1973 sp |||| | spa d
100 1 _aBarceló Pons, Bartomeu,
_d1932-
_9169905
245 1 0 _aEvolución reciente y estructura actual de la población en las islas Baleares /
_cpor Bartolomé Barceló Pons.
260 _aBarcelona :
_b[Universidad, Facultad de Filosofía y Letras],
_c1973 (
_fVernet)
300 _a15 p. ;
_c24 cm.
502 _aTesis-Univ. Barcelona (Extracto)
594 _aPrecede al tít.: Universidad de Barcelona. Secretariado de Publicaciones, Intercambio Científico y Extensión Universitaria.
651 4 _aBaleares (Comunidad Autónoma)-
_xPoblación.
_9169906
655 _aTesis y escritos académicos
_9226867
710 2 _aUniversidad de Barcelona.
_bFacultad de Filosofía y Letras.
_97149
852 4 _aES-MaACL
_jP-1415 (30)
_9197186
_bR.68610
_cDEPO2
942 _2udc
999 _c190035
_d190035